000
00331nam a22001457a 4500
008
210302b ||||| |||| 00| 0 eng d
020
_a
0030866375
041
_a
eng
080
_a
53
082
_a
53
100
_a
43
101
_a
FIZ
245
_a
Modern Science Forces, Change and the Universe
_c
Blanc, S.S
942
_2
udc
_c
BK
999
_c
55525
_d
55525